000 00970nam a2200229 4500
003 CO-ViMGA
020 _a9789588181981
040 _aCO-ViMGA
_bspa
_cCO-ViMGA
082 0 4 _a392.098
_bR62i
100 1 _aRodríguez Buitrago, Julio César
_97141
245 1 0 _aIdeología y liderazgo político en la periferia :
_bUna perspectiva desde el cacicazgo de Suta, valle de Leyva, entre los siglos XIII y XVI
_cJulio César Rodríguez Buitrago
260 _aBogotá :
_bInstituto Colombiano de Antropología e Historia-ICANH
_c2013
300 _a80 p.
_bgráficas; mapas.
490 _aInformes Arqueológicos del Instituto Colombiano de Antropología e Historia
_v7
500 _aIncluye índice
504 _aIncluye bibliografia
650 1 4 _aArqueología colombiana
_97143
650 1 4 _aCostumbres indigenas
_ySiglos XVII-XVI
_zValle de Leyva
_97145
650 1 4 _aIdeologia
_ySiglos XVII-XVI
_97142
650 1 4 _aRitos y ceremonias
_ySiglos XVIII-XVI
_97144
942 _2ddc
_cBK
999 _c37666
_d37666